000
00235nam a2200109Ia 4500
008
190216s9999||||xx |||||||||||||| ||und||
100
_a
Uroob
245
0
_a
Neela Velicham
260
_b
K R Brothers
650
_a
Malayalam
942
_c
BK
999
_c
27006
_d
27006